Študijný program Obchodnej fakulty EU v Bratislave Školský rok 1992/1993

Salvato in:
Dettagli Bibliografici
Natura: Libro
Lingua:slovacco
Pubblicazione: Bratislava EU 1992
Edizione:1. vyd.
Soggetti:
Tags: Aggiungi Tag
Nessun Tag, puoi essere il primo ad aggiungerne!!

MARC

LEADER 00000nam a2200000 4500
001 c001323
005 20221214090724.3
020 |a 80-225-0433-5 
041 0 |a slo 
044 |a SK 
245 1 0 |a Študijný program Obchodnej fakulty EU v Bratislave  |b Školský rok 1992/1993 
250 |a 1. vyd. 
264 1 |a Bratislava  |b EU  |c 1992 
300 |a 73 s. 
610 2 0 |a odbory študijné 
610 2 0 |a štúdium vysokoškolské 
610 2 0 |a Ekonomická univerzita v Bratislave 
610 2 0 |a obchod 
610 2 0 |a 1992-1993 
610 2 0 |a plán učebný